BIBLIOTECA

SENCICO

La clasificación de los objetivos de aprendizaje : (Registro nro. 326)

Detalles MARC
000 -LEADER
fixed length control field 00940nam a2200229Ia 4500
003 - CONTROL NUMBER IDENTIFIER
control field PE SENCICO BE
005 - DATE AND TIME OF LATEST TRANSACTION
control field 20251020182434.0
008 - FIXED-LENGTH DATA ELEMENTS--GENERAL INFORMATION
fixed length control field 200515s9999 xx 000 0 und d
040 ## - CATALOGING SOURCE
Original cataloging agency PE SENCICO BE
Transcribing agency PE SENCICO BE
041 ## - LANGUAGE CODE
Language code of text/sound track or separate title spa
082 ## - DEWEY DECIMAL CLASSIFICATION NUMBER
Classification number 153.52
Item number H87
100 1# - MAIN ENTRY--PERSONAL NAME
9 (RLIN) 2700
Personal name Huerta, José
Relator term autor
245 10 - TITLE STATEMENT
Title La clasificación de los objetivos de aprendizaje :
Remainder of title su función y utilidad, texto programado /
Statement of responsibility, etc. José Huerta
250 ## - EDITION STATEMENT
Edition statement 1a ed.
260 ## - PUBLICATION, DISTRIBUTION, ETC.
Place of publication, distribution, etc. Lima :
Name of publisher, distributor, etc. Trillas ;
Date of publication, distribution, etc. 1976
300 ## - PHYSICAL DESCRIPTION
Extent 137 p. :
Other physical details tabls., graf. ;
Dimensions 24 cm.
505 0# - FORMATTED CONTENTS NOTE
Formatted contents note Fundamentos de la taxonomía educativa -- Las categorías de conocimiento -- Las categorías de comprensión -- La categoría de aplicación -- Las categorías 4.00, análisis -- La categoría de síntesis -- La categoría 6.00, evaluación
650 10 - SUBJECT ADDED ENTRY--TOPICAL TERM
Topical term or geographic name entry element Aprendizaje
9 (RLIN) 2282
650 20 - SUBJECT ADDED ENTRY--TOPICAL TERM
Topical term or geographic name entry element Estrategias de aprendizaje
9 (RLIN) 2409
650 20 - SUBJECT ADDED ENTRY--TOPICAL TERM
Topical term or geographic name entry element Conocimiento
9 (RLIN) 1051
942 ## - ADDED ENTRY ELEMENTS (KOHA)
Koha item type Libros
Source of classification or shelving scheme Dewey Decimal Classification
Existencias
Fecha de la última vez que lo usaron Número de ingreso o de inventario Pago total Signatura topográfica completa Código de barras Precio efectivo desde Tipo de documento Estado perdido Sistema de clasificación Estado dañado No es para préstamo Retirado Ubicación permanente Ubicación actual Fecha de adquisición
15/05/2020 888   153.52/H87 BibLima24110037 15/05/2020 Libros   Dewey Decimal Classification       Biblioteca Central Lima Biblioteca Central Lima 15/05/2020